000 00686nam a2200241Ia 4500
003 OSt
005 20220928114906.0
006 a|||||r|||| 00| 0
007 ta
008 220927b |||||||| |||| 00| 0 eng d
024 _a52822
037 _cTextual
040 _aSDCL
_cSDCL
_beng
041 _2eng
_aeng
082 _aR43, N8
100 _aGratz Roberta Brades
_9442155
245 0 _aCities back from the edge
_b New Life for Downtown .
260 _aNew York
_b Preservation Press
_c1998
300 _ax,361p.
_ccm.
700 _a Mintz Norman
_9442156
942 _hR43, N8
_cTEXL
_2CC
999 _c757455
_d757455